[Event "ICS rated blitz match"]
[Site "204.178.125.65"]
[Date "1999.08.06"]
[Round "?"]
[White "Secret"]
[Black "Hossa"]
[Result "1-0"]
[WhiteElo "2531"]
[BlackElo "2448"]
[PlyCount "82"]
[EventDate "1999.??.??"]

1. e4 c5 2. Nf3 e6 3. d4 cxd4 4. Nxd4 Nf6 5. Nc3 Bb4 6. Bd3 d5 7. Bd2 Bxc3 8.
Bxc3 dxe4 9. Be2 Nd5 10. Qd2 O-O 11. O-O Nxc3 12. Qxc3 e5 13. Nb5 Nc6 14. Rfd1
Qh4 15. Nd6 Nd4 16. Bf1 Rd8 17. Qc5 Qg4 18. c3 b6 19. Qd5 Be6 20. Qxe4 Qxe4 21.
Nxe4 Nc2 22. Rac1 Rxd1 23. Rxd1 Bxa2 24. Rc1 Bb3 25. Nd2 Ba4 26. b3 Bxb3 27.
Nxb3 Na3 28. Ra1 Nc2 29. Ra2 Ne1 30. Bc4 a6 31. Kf1 Nxg2 32. Kxg2 a5 33. Re2
Re8 34. f4 a4 35. Nd2 Ra8 36. fxe5 a3 37. Ne4 Ra7 38. Nd6 Re7 39. Nxf7 Kf8 40.
Nd6 g6 41. Nb5 41... Kg7 {Hossa resigns} 1-0

[Event "ICS rated blitz match"]
[Site "204.178.125.65"]
[Date "1999.08.06"]
[Round "?"]
[White "Espino"]
[Black "Hossa"]
[Result "1-0"]
[WhiteElo "2045"]
[BlackElo "2436"]
[PlyCount "63"]
[EventDate "1999.??.??"]

1. e4 c5 2. Nf3 e6 3. d4 cxd4 4. Nxd4 Nf6 5. Nc3 Bb4 6. Ndb5 Nxe4 7. Qg4 Nxc3
8. bxc3 Bf8 9. Bf4 Na6 10. Bd3 d5 11. O-O e5 12. Qe2 f6 13. Qh5+ Ke7 14. Rfe1
Qb6 15. Bxe5 fxe5 16. Rxe5+ Be6 17. Rae1 Nc5 18. Nd4 h6 19. Bf5 Rb8 20. Bxe6
Kd8 21. Qf7 Bd6 22. Rxd5 Qc7 23. Qf4 Nxe6 24. Nxe6+ Kc8 25. Rxd6 g5 26. Qe5 b5
27. Nxc7 Rb6 28. Rxb6 axb6 29. Na6 Kb7 30. Qxh8 g4 31. Re7+ Kxa6 32. Qa8# {
Hossa checkmated} 1-0

[Event "ICS rated blitz match"]
[Site "204.178.125.65"]
[Date "1999.08.06"]
[Round "?"]
[White "libertad"]
[Black "Hossa"]
[Result "0-1"]
[WhiteElo "2203"]
[BlackElo "2440"]
[PlyCount "104"]
[EventDate "1999.??.??"]

1. d4 d5 2. c4 e6 3. Nc3 dxc4 4. e3 Bd6 5. Bxc4 Ne7 6. Nf3 O-O 7. O-O Nbc6 8.
e4 e5 9. d5 Na5 10. Bd3 f5 11. Qa4 fxe4 12. Nxe4 b6 13. Bg5 h6 14. Bxe7 Bxe7
15. Rfd1 Bd6 16. b4 Nb7 17. Ba6 Rb8 18. Re1 Qe7 19. Rab1 Qf7 20. Nfd2 Kh8 21.
Rbc1 Qxd5 22. Bc4 b5 23. Bxd5 bxa4 24. Nxd6 cxd6 25. Ne4 Bg4 26. Rc7 Nd8 27.
Nxd6 Rxb4 28. Re7 Rd4 29. R7xe5 Be6 30. Bxe6 Rxd6 31. Bc4 Nc6 32. Re6 Rxe6 33.
Rxe6 Rc8 34. Bb5 Nb4 35. a3 Nc2 36. Rc6 Rxc6 37. Bxc6 Nxa3 38. Bxa4 Kg8 39. h4
Kf8 40. g4 g5 41. hxg5 hxg5 42. Kg2 Nc4 43. Kg3 Nb6 44. Bb5 a5 45. f4 a4 46.
fxg5 a3 47. Bd3 a2 48. Kh4 a1=Q 49. g6 Qe1+ 50. Kg5 Qe3+ 51. Kh5 Kg7 52. g5
52... Qh3# {libertad checkmated} 0-1

[Event "ICS rated blitz match"]
[Site "204.178.125.65"]
[Date "1999.08.06"]
[Round "?"]
[White "Hossa"]
[Black "libertad"]
[Result "1-0"]
[WhiteElo "2447"]
[BlackElo "2196"]
[PlyCount "111"]
[EventDate "1999.??.??"]

1. d4 Nf6 2. c4 g6 3. Nc3 d5 4. cxd5 Nxd5 5. e4 Nxc3 6. bxc3 c5 7. Bb5+ Bd7 8.
Bxd7+ Nxd7 9. Rb1 Qa5 10. Bd2 Qxa2 11. Rxb7 Qa6 12. Qb1 e5 13. d5 Nb6 14. Rc7
Bd6 15. Rc6 Kd7 16. f3 Rhc8 17. Rxc8 Rxc8 18. Kf2 Rb8 19. Qc2 Nc4 20. Bc1 Rb5
21. Ne2 Ra5 22. Bg5 Ra2 23. Qd3 Be7 24. h4 Bxg5 25. hxg5 Rd2 26. Qb1 Nb2 27.
Re1 Kc8 28. Kf1 Nd3 29. Rd1 Rxe2 30. Kxe2 Nf4+ 31. Kd2 Qe2+ 32. Kc1 c4 33. Qc2
Nd3+ 34. Kb1 Qe3 35. Qa2 Qb6+ 36. Ka1 Nc5 37. Qxc4 Kd8 38. Qb4 Qa6+ 39. Kb1 Na4
40. Qf8+ Kd7 41. Qxf7+ Kd8 42. Qg8+ Kd7 43. Qxh7+ Kd8 44. Qh8+ Kd7 45. Qxe5
Qb5+ 46. Kc2 Qb2+ 47. Kd3 Qb5+ 48. Ke3 Nc5 49. Qg7+ Kd8 50. Qxg6 Qc4 51. Qf6+
Kd7 52. g6 Nb3 53. Qc6+ Qxc6 54. dxc6+ Kxc6 55. g7 Nc5 56. g8=Q {
libertad resigns} 1-0

[Event "ICS rated blitz match"]
[Site "204.178.125.65"]
[Date "1999.08.06"]
[Round "?"]
[White "Yugor"]
[Black "Hossa"]
[Result "0-1"]
[WhiteElo "2012"]
[BlackElo "2453"]
[PlyCount "54"]
[EventDate "1999.??.??"]

1. e4 c5 2. Nf3 e6 3. d4 cxd4 4. Nxd4 d5 5. Nf3 Nc6 6. Bb5 Bb4+ 7. c3 Bc5 8.
O-O Nge7 9. e5 O-O 10. Bd3 f6 11. Bf4 fxe5 12. Bxe5 Qb6 13. Bd4 Bxd4 14. cxd4
Qxb2 15. Nbd2 Nxd4 16. Nxd4 Qxd4 17. Nf3 Qg4 18. h3 Qf4 19. Qd2 Qxd2 20. Nxd2
e5 21. Rab1 Rb8 22. Rfc1 Bf5 23. Bxf5 Nxf5 24. Rc7 Rf7 25. Rbc1 Nd4 26. Rxf7
Kxf7 27. Rc3 27... Ne2+ {Yugor resigns} 0-1

[Event "ICS rated blitz match"]
[Site "204.178.125.65"]
[Date "1999.08.06"]
[Round "?"]
[White "Secret"]
[Black "Hossa"]
[Result "1-0"]
[WhiteElo "2539"]
[BlackElo "2457"]
[PlyCount "54"]
[EventDate "1999.??.??"]

1. e4 c5 2. Nf3 e6 3. d4 cxd4 4. Nxd4 Nf6 5. Nc3 Bb4 6. e5 Nd5 7. Qg4 Bxc3+ 8.
bxc3 Qc7 9. Qxg7 Qxc3+ 10. Ke2 Rf8 11. Nb5 Qxc2+ 12. Bd2 Ke7 13. Ke1 d6 14.
Bg5+ Ke8 15. Nxd6+ Kd7 16. Rc1 Qb2 17. Qxf8 Qxe5+ 18. Be3 Nc6 19. Nxf7 Qc7 20.
Rd1 Qa5+ 21. Bd2 Qxa2 22. Bb5 Kc7 23. Rc1 Nc3 24. Bxc3 Kb6 25. Bxc6 Kxc6 26.
Qd6+ Kb5 27. Qb4+ 27... Ka6 {Hossa resigns} 1-0

[Event "ICS rated blitz match"]
[Site "204.178.125.65"]
[Date "1999.08.06"]
[Round "?"]
[White "Hossa"]
[Black "LambChop710"]
[Result "1-0"]
[WhiteElo "2445"]
[BlackElo "2389"]
[PlyCount "127"]
[EventDate "1999.??.??"]

1. d4 Nf6 2. c4 g6 3. Nc3 Bg7 4. e4 d6 5. f3 O-O 6. Be2 e5 7. Be3 exd4 8. Bxd4
Nc6 9. Be3 Nh5 10. Qd2 Bxc3 11. Qxc3 Qh4+ 12. Kd1 f5 13. c5 Be6 14. cxd6 cxd6
15. Bh6 Rf6 16. Nh3 fxe4 17. Bg5 exf3 18. Bxh4 fxe2+ 19. Kxe2 Rf5 20. Kd2 Rc5
21. Qa3 Rd5+ 22. Ke1 Rf8 23. Nf2 Nd4 24. Rc1 Nb5 25. Qa5 b6 26. Qa6 g5 27. Bg3
Nxg3 28. hxg3 Rf7 29. Rh6 Nd4 30. Nd1 Kg7 31. Rh1 Re5+ 32. Kd2 Ne2 33. Rc6 Nxg3
34. Re1 Rxe1 35. Kxe1 Bd5 36. Rc2 Re7+ 37. Kf2 Ne4+ 38. Kf1 Nc5 39. Qa3 a6 40.
b4 Be4 41. Rd2 Nd7 42. Rxd6 a5 43. bxa5 bxa5 44. Nf2 Bf5 45. Qxa5 Ne5 46. Qd8
Rf7 47. Qxg5+ Ng6 48. a4 Bc8 49. a5 Bb7 50. a6 Ba8 51. Re6 Rf8 52. Kg1 Kh8 53.
Ng4 Kg8 54. Rxg6+ hxg6 55. Qxg6+ Kh8 56. Nf6 Rxf6 57. Qxf6+ Kh7 58. a7 Kg8 59.
Qd8+ Kh7 60. Qxa8 Kg7 61. Qc6 Kf7 62. a8=Q Kg7 63. Qae8 Kh7 64. Qcg6# {
LambChop710 checkmated} 1-0

[Event "ICS rated blitz match"]
[Site "204.178.125.65"]
[Date "1999.08.06"]
[Round "?"]
[White "Yugor"]
[Black "Hossa"]
[Result "1/2-1/2"]
[WhiteElo "2009"]
[BlackElo "2458"]
[PlyCount "56"]
[EventDate "1999.??.??"]

1. e4 c5 2. Nf3 e6 3. d4 cxd4 4. Nxd4 d5 5. Nf3 Nc6 6. exd5 exd5 7. c3 Bc5 8.
Nbd2 Qb6 9. Qe2+ Nge7 10. Nb3 Bg4 11. Nxc5 Qxc5 12. Be3 Qd6 13. O-O-O O-O 14.
h3 Bxf3 15. Qxf3 Rfc8 16. Kb1 Qe6 17. Bd3 Ne5 18. Qe2 Nxd3 19. Qxd3 Qc6 20. Bd4
Re8 21. Qg3 Nf5 22. Qd3 Qe6 23. g4 Nxd4 24. Qxd4 Red8 25. Rhe1 Qg6+ 26. Qd3 Qf6
27. Qd4 Qg6+ 28. Qd3 28... Qf6 {Game drawn by mutual agreement} 1/2-1/2

[Event "ICS rated blitz match"]
[Site "204.178.125.65"]
[Date "1999.08.06"]
[Round "?"]
[White "Yugor"]
[Black "Hossa"]
[Result "0-1"]
[WhiteElo "2020"]
[BlackElo "2447"]
[PlyCount "94"]
[EventDate "1999.??.??"]

1. e4 c5 2. Nf3 e6 3. d4 cxd4 4. Nxd4 d5 5. Nf3 Nc6 6. exd5 exd5 7. c3 Bc5 8.
Nbd2 Qb6 9. Qe2+ Nge7 10. Nb3 Bg4 11. Nxc5 Qxc5 12. Be3 Qd6 13. O-O-O O-O 14.
h3 Bxf3 15. Qxf3 Rfc8 16. Bd3 Ne5 17. Qe2 Nxd3+ 18. Qxd3 Re8 19. Kb1 a6 20. Bd4
Qc6 21. Rhe1 Rac8 22. Qg3 Ng6 23. h4 f6 24. h5 Ne7 25. h6 Nf5 26. Qd3 Rxe1 27.
Rxe1 Nxh6 28. Be3 Ng4 29. Rd1 Rd8 30. Bd4 Qe6 31. f3 Ne5 32. Qd2 Qc6 33. Qf4
Ng6 34. Qg4 Re8 35. Qf5 Re2 36. Bg1 Rxg2 37. Ba7 Rg5 38. Qd3 Re5 39. Bd4 Re6
40. Qd2 Ne5 41. f4 Nc4 42. Qh2 Qe8 43. a3 Re2 44. Qg3 Qa4 45. Qd3 Nxa3+ 46. Kc1
Rc2+ 47. Qxc2 47... Qxc2# {Yugor checkmated} 0-1

[Event "ICS rated blitz match"]
[Site "204.178.125.65"]
[Date "1999.08.06"]
[Round "?"]
[White "Hossa"]
[Black "Yugor"]
[Result "1-0"]
[WhiteElo "2450"]
[BlackElo "2017"]
[PlyCount "55"]
[EventDate "1999.??.??"]

1. d4 d5 2. c4 c6 3. Nc3 Nf6 4. cxd5 cxd5 5. f3 Nc6 6. e4 dxe4 7. d5 Nb8 8.
fxe4 e5 9. Nf3 Nbd7 10. a3 a6 11. Bc4 Bd6 12. Be3 O-O 13. O-O Ng4 14. Bf2 Nxf2
15. Kxf2 Bc5+ 16. Kg3 f5 17. d6+ Kh8 18. exf5 Rxf5 19. Be6 Rf4 20. Qd5 Qf6 21.
h3 b6 22. Qxa8 Be3 23. Qxc8+ Nf8 24. d7 Rg4+ 25. hxg4 Qf4+ 26. Kh3 Qh6+ 27. Nh4
g5 28. Rxf8+ {Yugor resigns} 1-0

[Event "ICS rated blitz match"]
[Site "204.178.125.65"]
[Date "1999.08.06"]
[Round "?"]
[White "wimpy"]
[Black "Hossa"]
[Result "0-1"]
[WhiteElo "2058"]
[BlackElo "2452"]
[PlyCount "84"]
[EventDate "1999.??.??"]

1. e4 c5 2. Nf3 e6 3. d4 cxd4 4. Nxd4 Nf6 5. Nc3 Bb4 6. e5 Ne4 7. Qg4 Nxc3 8.
Bd2 O-O 9. bxc3 Ba5 10. Bd3 f6 11. exf6 Qxf6 12. O-O g6 13. Rae1 Nc6 14. Nxc6
bxc6 15. Re3 Qg7 16. Rh3 d5 17. Bh6 e5 18. Bxg7 Bxg4 19. Bxf8 Bxh3 20. Bb4 Bxb4
21. cxb4 Bf5 22. Bxf5 gxf5 23. Re1 Rb8 24. a3 e4 25. f3 Re8 26. Kf2 f4 27. fxe4
dxe4 28. g3 f3 29. Ke3 Kf7 30. Rd1 h5 31. Rd7+ Re7 32. Rd6 Re6 33. Rd7+ Kg6 34.
c4 Rf6 35. Kf2 e3+ 36. Kxe3 f2 37. Rd1 f1=Q 38. Rxf1 Rxf1 39. Kd4 Rh1 40. Kc5
Rxh2 41. Kxc6 Rh3 42. b5 42... Rxg3 {wimpy resigns} 0-1

[Event "ICS Rated blitz match"]
[Site "204.178.125.65"]
[Date "1999.08.06"]
[Round "?"]
[White "Hossa"]
[Black "Secret"]
[Result "1/2-1/2"]
[WhiteElo "2455"]
[BlackElo "2551"]
[PlyCount "214"]
[EventDate "1999.??.??"]

1. d4 d5 2. c4 Nc6 3. Nf3 e5 4. Nxe5 Nxe5 5. dxe5 d4 6. e3 Bb4+ 7. Bd2 Bxd2+ 8.
Qxd2 dxe3 9. Qxe3 Nh6 10. Be2 Nf5 11. Qe4 Nd4 12. Na3 c5 13. Rd1 Qa5+ 14. Rd2
Bf5 15. Qe3 O-O-O 16. f3 Nc6 17. Nb5 Rhe8 18. f4 g5 19. g3 gxf4 20. gxf4 f6 21.
Bh5 Re7 22. Kd1 fxe5 23. Rxd8+ Kxd8 24. Nc3 Kc8 25. Nd5 Rg7 26. fxe5 Qxa2 27.
Rf1 Qxb2 28. Ke1 Qxh2 29. Be2 Nd4 30. Bd1 b6 31. Nf4 Rg3 32. Qf2 Qxf2+ 33. Kxf2
Rc3 34. Nd5 Rxc4 35. Rg1 Be6 36. Nf4 b5 37. Rg7 Bf5 38. Nd5 Kb8 39. Ne3 Rc1 40.
Bf3 Nxf3 41. Kxf3 Rc3 42. Kf4 Bg6 43. e6 Rxe3 44. Kxe3 Kc8 45. Rxa7 b4 46. Kd2
Kd8 47. Rg7 Bf5 48. e7+ Ke8 49. Rg5 Be6 50. Rxc5 Kxe7 51. Rc7+ Kd6 52. Rxh7 Bd5
53. Rh6+ Kc7 54. Rh5 Kc6 55. Kc2 Bc4 56. Rh6+ Kb5 57. Rh8 b3+ 58. Kb2 Bd5 59.
Rb8+ Kc5 60. Rd8 Be6 61. Rf8 Kd4 62. Rh8 Bc4 63. Rh4+ Kd3 64. Rh3+ Ke2 65. Rh2+
Ke3 66. Rh1 Bd5 67. Re1+ Kf4 68. Rf1+ Ke4 69. Rg1 Kf5 70. Ra1 Be6 71. Rf1+ Ke5
72. Re1+ Kf6 73. Rh1 Bd5 74. Rf1+ Ke5 75. Rd1 Bc4 76. Re1+ Kd4 77. Rd1+ Ke4 78.
Kc3 Be6 79. Re1+ Kf5 80. Kd2 Bd5 81. Rf1+ Ke5 82. Ke3 Be4 83. Rf4 Bf5 84. Rb4
Bc2 85. Rb5+ Kd6 86. Rb6+ Kc5 87. Rb8 Kd5 88. Rd8+ Ke5 89. Re8+ Kf5 90. Rf8+
Ke6 91. Kd2 Ke5 92. Re8+ Kd5 93. Kc3 Kc5 94. Re5+ Kc6 95. Re6+ Kd7 96. Re2 Kd6
97. Rd2+ Ke5 98. Kb2 Kf4 99. Rf2+ Ke4 100. Re2+ Kf4 101. Kc3 Bd1 102. Rf2+ Ke4
103. Rd2 Bc2 104. Re2+ Kf4 105. Kb2 Bd3 106. Rf2+ Ke3 107. Kxb3 107... Kxf2 {
Game drawn because neither player has mating material} 1/2-1/2

[Event "ICS rated blitz match"]
[Site "204.178.125.65"]
[Date "1999.08.06"]
[Round "?"]
[White "Hossa"]
[Black "swelch"]
[Result "1-0"]
[WhiteElo "2459"]
[BlackElo "2045"]
[PlyCount "69"]
[EventDate "1999.??.??"]

1. d4 c5 2. d5 e5 3. e4 d6 4. Bb5+ Bd7 5. Bxd7+ Nxd7 6. Ne2 b5 7. O-O Ngf6 8.
Nd2 Be7 9. a4 b4 10. f4 exf4 11. Rxf4 O-O 12. c3 Ne5 13. cxb4 Nd3 14. bxc5 Nxf4
15. Nxf4 dxc5 16. Qf3 Bd6 17. Ne2 Nd7 18. Nc4 Ne5 19. Nxe5 Bxe5 20. Nf4 Rb8 21.
Nd3 Bd4+ 22. Be3 Rb3 23. Bxd4 cxd4 24. Qd1 Qh4 25. Qxb3 Qxe4 26. Re1 Qh4 27.
Re5 Rc8 28. Qb7 Rd8 29. Qd7 Rf8 30. Qxa7 Qf6 31. Qxd4 Qa6 32. Nc5 Qb6 33. b4
Rd8 34. Qf4 Qd6 35. Re8+ {swelch resigns} 1-0

[Event "ICS rated blitz match"]
[Site "204.178.125.65"]
[Date "1999.08.06"]
[Round "?"]
[White "JudgeTurpin"]
[Black "Hossa"]
[Result "1-0"]
[WhiteElo "2584"]
[BlackElo "2462"]
[PlyCount "127"]
[EventDate "1999.??.??"]

1. Nf3 Nc6 2. d4 d5 3. c4 e5 4. dxe5 d4 5. a3 f6 6. exf6 Nxf6 7. e3 Bg4 8. Be2
dxe3 9. Qxd8+ Rxd8 10. Bxe3 Bd6 11. h3 Bf5 12. c5 Be7 13. Bb5 Ne4 14. Bxc6+
bxc6 15. Nd4 Bd7 16. O-O Bxc5 17. Nc3 Nxc3 18. bxc3 Bd6 19. Bg5 Rb8 20. Rfe1+
Kf8 21. Be3 a5 22. a4 c5 23. Nf3 Kf7 24. Ng5+ Kg8 25. Red1 Bc6 26. Rdb1 Rb6 27.
Re1 Rb3 28. Bd2 h6 29. Ne6 Kf7 30. Nf4 Bxf4 31. Bxf4 Rxc3 32. Rec1 Rxc1+ 33.
Rxc1 Bxa4 34. Rxc5 c6 35. Rxa5 Bc2 36. Be5 Rg8 37. Ra7+ Kg6 38. f3 Bb3 39. g4
c5 40. f4 h5 41. gxh5+ Kh6 42. Rc7 c4 43. Kf2 Kh7 44. Kg3 Kh6 45. Kh4 g6 46.
Bb2 Bd1 47. Bf6 gxh5 48. f5 Bc2 49. Bg5+ Rxg5 50. Rc6+ Rg6 51. Rxg6+ Kh7 52.
Kg5 Be4 53. Re6 Bg2 54. h4 Bf3 55. f6 Bd5 56. Re7+ Kg8 57. Kxh5 Kf8 58. Kg5 Bf3
59. Rc7 Be4 60. f7 Kg7 61. h5 Bd3 62. h6+ Kf8 63. Kf6 Be4 64. Rc8# {
Hossa checkmated} 1-0

[Event "ICS rated blitz match"]
[Site "204.178.125.65"]
[Date "1999.08.06"]
[Round "?"]
[White "AtticusFinch"]
[Black "Hossa"]
[Result "0-1"]
[WhiteElo "2178"]
[BlackElo "2451"]
[PlyCount "50"]
[EventDate "1999.??.??"]

1. e4 c5 2. d4 cxd4 3. c3 dxc3 4. Nxc3 Nc6 5. Nf3 f5 6. exf5 Nf6 7. Bc4 Na5 8.
Bd3 b6 9. Ne5 Bb7 10. b4 Qc7 11. bxa5 Qxc3+ 12. Kf1 Qxa1 13. Nc4 Rc8 14. f3 b5
15. Kf2 bxc4 16. Bxc4 Rxc4 17. Qb3 Bd5 18. Qb8+ Kf7 19. Rd1 Rc2+ 20. Kg3 Rxc1
21. Rxd5 Nxd5 22. f6 Qd4 23. Qf4 Qxf4+ 24. Kf2 Rc2+ 25. Ke1 25... Qc1# {
AtticusFinch checkmated} 0-1

[Event "ICS rated blitz match"]
[Site "204.178.125.65"]
[Date "1999.08.06"]
[Round "?"]
[White "Hossa"]
[Black "AtticusFinch"]
[Result "1-0"]
[WhiteElo "2457"]
[BlackElo "2172"]
[PlyCount "56"]
[EventDate "1999.??.??"]

1. d4 Nf6 2. c4 c5 3. d5 b5 4. cxb5 a6 5. f3 axb5 6. e4 Qa5+ 7. Bd2 b4 8. Na3
d6 9. Nc4 Qc7 10. a3 bxa3 11. Bc3 Nbd7 12. Rxa3 Rxa3 13. bxa3 g6 14. Qa4 Bg7
15. g4 O-O 16. g5 Nh5 17. Bxg7 Nxg7 18. h4 Nb6 19. Qa5 Bd7 20. Qxb6 Qc8 21. Qa7
Bb5 22. Qxe7 Bxc4 23. Bxc4 Qb8 24. Qf6 Qb1+ 25. Kf2 Nh5 26. Qxd6 Qb2+ 27. Ne2
Qxa3 28. Rb1 28... Qc3 {AtticusFinch resigns} 1-0

[Event "ICS rated blitz match"]
[Site "204.178.125.65"]
[Date "1999.08.06"]
[Round "?"]
[White "Ramanip"]
[Black "Hossa"]
[Result "0-1"]
[WhiteElo "2067"]
[BlackElo "2470"]
[PlyCount "40"]
[EventDate "1999.??.??"]

1. e4 c5 2. Nf3 e6 3. d4 cxd4 4. Nxd4 d5 5. exd5 Qxd5 6. Nc3 Bb4 7. Bb5+ Bd7 8.
Bxd7+ Nxd7 9. O-O Bxc3 10. bxc3 Ngf6 11. Ba3 Rd8 12. Re1 Ne5 13. Qe2 Nc4 14.
Bb4 a5 15. Rad1 axb4 16. Nxe6 Qxe6 17. Rxd8+ Kxd8 18. Qd3+ Qd5 19. Qg3 Re8 20.
Qb8+ 20... Kd7 {Ramanip resigns} 0-1

[Event "ICS Rated blitz match"]
[Site "204.178.125.65"]
[Date "1999.08.06"]
[Round "?"]
[White "Hossa"]
[Black "MissSilicon"]
[Result "1/2-1/2"]
[WhiteElo "2473"]
[BlackElo "2618"]
[PlyCount "206"]
[EventDate "1999.??.??"]

1. d4 Nf6 2. c4 e6 3. Nc3 Bb4 4. Bg5 h6 5. Bh4 c5 6. dxc5 g5 7. Bg3 Nc6 8. Qd3
Bxc5 9. e4 Qb6 10. Qd2 Bb4 11. f3 Bc5 12. Na4 Bb4 13. Nxb6 Bxd2+ 14. Kxd2 axb6
15. Bd6 e5 16. Kc2 h5 17. Ne2 g4 18. Kd1 Rh6 19. Bc7 gxf3 20. gxf3 d6 21. Bxb6
Nb4 22. Nc3 Bd7 23. Kc1 Rg6 24. a3 Na6 25. Kc2 Nc5 26. Rd1 Ke7 27. Bxc5 dxc5
28. Nd5+ Nxd5 29. Rxd5 f6 30. Rd2 Ba4+ 31. Kc3 Rgg8 32. Rg2 Rxg2 33. Bxg2 Bd7
34. Rd1 Rg8 35. Rd2 b6 36. b4 Be6 37. bxc5 bxc5 38. Rb2 Ra8 39. Rb7+ Ke8 40.
Rb3 Kd7 41. h4 Rg8 42. Bf1 Rg3 43. Kc2 Kc6 44. a4 Rg1 45. Rb1 Rh1 46. a5 Rh2+
47. Kc3 Rf2 48. Rb6+ Kd7 49. Bd3 Ra2 50. a6 Ke7 51. Kb3 Ra1 52. Kb2 Ra4 53. Bc2
Ra5 54. Bb3 Bc8 55. Rb5 Rxa6 56. Rxc5 Bd7 57. Rd5 Ra8 58. Rd3 Ra5 59. Kc3 Ra8
60. c5 Rc8 61. Kb4 Rb8+ 62. Ka3 Ra8+ 63. Kb2 Ra5 64. Rc3 Bc8 65. c6 Rb5 66. Ka3
Rb8 67. Ka4 Rb6 68. Ka5 Ra6+ 69. Kb5 Ra3 70. Kb6 Be6 71. c7 Bc8 72. Rd3 Ra6+
73. Kb5 Ra7 74. Kc6 Ra6+ 75. Kc5 Ra7 76. Bd5 Rxc7+ 77. Kb4 Rc1 78. Rc3 Rb1+ 79.
Ka5 Bd7 80. f4 exf4 81. Rf3 Kd6 82. Rxf4 f5 83. Rf2 Rh1 84. Rd2 Rxh4 85. Bg8+
Ke7 86. exf5 Ra4+ 87. Kb6 Bxf5 88. Rf2 Bd7 89. Bd5 Rg4 90. Kc5 Rg5 91. Rf7+ Kd8
92. Kd6 Rg6+ 93. Kc5 h4 94. Rh7 h3 95. Rh8+ Kc7 96. Ra8 Rg5 97. Ra7+ Kd8 98.
Kd6 Rxd5+ 99. Kxd5 h2 100. Ra1 Bg4 101. Rb1 h1=Q+ 102. Rxh1 Bf3+ 103. Ke5
103... Bxh1 {Game drawn because neither player has mating material} 1/2-1/2

[Event "ICS Rated blitz match"]
[Site "204.178.125.65"]
[Date "1999.08.06"]
[Round "?"]
[White "Hossa"]
[Black "JudgeTurpin"]
[Result "1-0"]
[WhiteElo "2479"]
[BlackElo "2595"]
[PlyCount "125"]
[EventDate "1999.??.??"]

1. d4 d5 2. Nf3 Nf6 3. g3 e6 4. Bg2 c5 5. O-O Nc6 6. Bg5 Qb6 7. Nc3 Qxb2 8. Na4
Qa3 9. c3 b5 10. Nxc5 Bxc5 11. Bxf6 gxf6 12. dxc5 Qxc5 13. Nd4 Bb7 14. Qb3 a6
15. a4 Nxd4 16. cxd4 Qxd4 17. axb5 Qb6 18. Qf3 axb5 19. Qxf6 Rg8 20. Rxa8+ Bxa8
21. Qh6 Qd4 22. Qxh7 Rh8 23. Qc2 Qb6 24. Qc8+ Qd8 25. Qa6 Ke7 26. Qxb5 Qd6 27.
Rc1 Rb8 28. Qa4 Kf8 29. Qa5 Bb7 30. Rc7 Ba6 31. Bf3 Rb6 32. Qc3 Rb1+ 33. Kg2 d4
34. Qc2 Rb8 35. Rc6 Qa3 36. Qh7 Ke8 37. Qh8+ Qf8 38. Qxf8+ Kxf8 39. Rxa6 Kg7
40. h4 Rb2 41. h5 Kf6 42. g4 Rb5 43. Kg3 Kg5 44. Ra7 f5 45. Rg7+ Kf6 46. Rg6+
Ke5 47. g5 Rb8 48. h6 Rc8 49. Rg7 Rh8 50. h7 Kd6 51. g6 Ke5 52. Rg8 Kf6 53. Bh5
Kg5 54. Rxh8 f4+ 55. Kf3 d3 56. Re8 d2 57. Rd8 d1=Q 58. Rxd1 Kf5 59. Bg4+ Kxg6
60. h8=Q e5 61. Be6 e4+ 62. Kxe4 Kg5 63. Rg1# {JudgeTurpin checkmated} 1-0

[Event "ICS Rated blitz match"]
[Site "204.178.125.65"]
[Date "1999.08.06"]
[Round "?"]
[White "PostModernist"]
[Black "Hossa"]
[Result "1-0"]
[WhiteElo "2546"]
[BlackElo "2500"]
[PlyCount "61"]
[EventDate "1999.??.??"]

1. c4 g6 2. e4 e5 3. Nf3 Nc6 4. Be2 f5 5. d3 fxe4 6. dxe4 Nf6 7. O-O Bg7 8. Nc3
O-O 9. c5 Kh8 10. Bc4 Qe7 11. Nb5 Nxe4 12. Nxc7 Rb8 13. Be3 b6 14. cxb6 axb6
15. Nd5 Qd8 16. Re1 b5 17. Bb3 Ba6 18. Rc1 Rb7 19. Bb6 Rxb6 20. Rxe4 Rb8 21.
Qd3 Ra8 22. a3 Rc8 23. Rc2 Qa5 24. Nh4 Bh6 25. Qh3 Rg8 26. Nf3 Bf8 27. Nf6 Rg7
28. Rh4 Qe1+ 29. Nxe1 h5 30. Rxh5+ Rh7 31. Rxh7# {Hossa checkmated} 1-0

[Event "ICS Rated blitz match"]
[Site "204.178.125.65"]
[Date "1999.08.06"]
[Round "?"]
[White "JudgeTurpin"]
[Black "Hossa"]
[Result "1-0"]
[WhiteElo "2574"]
[BlackElo "2473"]
[PlyCount "128"]
[EventDate "1999.??.??"]

1. Nf3 Nc6 2. d4 d5 3. c4 e5 4. Nxe5 Bb4+ 5. Bd2 Nxe5 6. dxe5 Bc5 7. Qb3 c6 8.
cxd5 Qxd5 9. Qxd5 cxd5 10. e3 Bd7 11. Nc3 Ne7 12. Rc1 Rc8 13. Bd3 O-O 14. a3 f6
15. exf6 Rxf6 16. O-O Bf5 17. Bb5 a6 18. Be2 Rfc6 19. g4 Be6 20. Bf3 Rf8 21.
Bg2 Rfc8 22. g5 Bd6 23. f4 g6 24. Kf2 Rc4 25. Rfe1 b5 26. b3 R4c6 27. b4 Rc4
28. Bf1 R4c6 29. h3 Nf5 30. Bg2 Ne7 31. Red1 Rc4 32. Ne2 a5 33. bxa5 Bxa3 34.
Rb1 b4 35. Nd4 Bd7 36. Bf1 R4c5 37. Rxb4 R5c7 38. Rbb1 Ba4 39. Re1 Bc2 40. Ra1
Bb2 41. Nb5 Bxa1 42. Nxc7 Bb2 43. Nb5 Nf5 44. a6 h6 45. a7 Be4 46. gxh6 Ra8 47.
Be2 Nxh6 48. Rg1 Kg7 49. h4 Kf6 50. Bb4 Nf5 51. h5 gxh5 52. Bxh5 Nh4 53. Bc5
Rh8 54. Rg4 Nf3 55. Nd6 Rd8 56. Rg3 Ne5 57. fxe5+ Bxe5 58. Nxe4+ dxe4 59. Rg6+
Kf5 60. Ra6 Bf6 61. a8=Q Rxa8 62. Rxa8 Ke6 63. Bg6 Kd5 64. Bd4 64... Bh4+ {
Hossa resigns} 1-0

[Event "ICS Rated blitz match"]
[Site "204.178.125.65"]
[Date "1999.08.06"]
[Round "?"]
[White "Hossa"]
[Black "JudgeTurpin"]
[Result "1-0"]
[WhiteElo "2462"]
[BlackElo "2585"]
[PlyCount "141"]
[EventDate "1999.??.??"]

1. d4 d5 2. c4 c6 3. Nc3 Nf6 4. cxd5 cxd5 5. Bf4 Nc6 6. e3 e6 7. Bb5 Bb4 8.
Nge2 Bd7 9. O-O Rc8 10. Qb3 Be7 11. Ba4 Na5 12. Bxd7+ Qxd7 13. Qc2 b5 14. Rac1
b4 15. Qa4 Qxa4 16. Nxa4 Kd7 17. b3 Rxc1 18. Rxc1 Rc8 19. Bg5 Rxc1+ 20. Nxc1
Nc6 21. Bxf6 Bxf6 22. Nc5+ Kc7 23. N1d3 a5 24. g3 Nxd4 25. exd4 Bxd4 26. Na4 e5
27. Ne1 Bc3 28. Nf3 f6 29. Kf1 d4 30. Nc5 Kc6 31. Ne6 g5 32. Ke2 g4 33. Nd2
Bxd2 34. Kxd2 Kd6 35. Ng7 Kd5 36. Ke1 e4 37. Nf5 Ke5 38. Nh6 f5 39. Nf7+ Kd5
40. Nd8 d3 41. Nb7 Kd4 42. Kd2 a4 43. bxa4 Kd5 44. a5 Kc6 45. a6 Kb6 46. Nd6
Kxa6 47. Nxf5 Kb6 48. Nd6 Ka5 49. Nxe4 h5 50. Kxd3 Kb5 51. Nf6 Ka4 52. Kc4 Ka3
53. Nxh5 Kxa2 54. Kxb4 Kb2 55. Nf6 Kc2 56. Nxg4 Kd3 57. Nf6 Kd4 58. f4 Ke3 59.
h4 Kf3 60. h5 Kxg3 61. Ne4+ Kxf4 62. h6 Ke5 63. h7 Kxe4 64. h8=Q Kd5 65. Qh4
Ke5 66. Kc5 Ke6 67. Qf4 Ke7 68. Qf5 Kd8 69. Qf7 Kc8 70. Kc6 Kd8 71. Qf8# {
JudgeTurpin checkmated} 1-0

[Event "ICS Rated blitz match"]
[Site "204.178.125.65"]
[Date "1999.08.06"]
[Round "?"]
[White "JudgeTurpin"]
[Black "Hossa"]
[Result "1-0"]
[WhiteElo "2564"]
[BlackElo "2483"]
[PlyCount "63"]
[EventDate "1999.??.??"]

1. Nf3 Nc6 2. d4 d5 3. c4 e5 4. dxe5 d4 5. g3 Be6 6. Nbd2 Qd7 7. Bg2 Nge7 8.
O-O O-O-O 9. Nb3 Bxc4 10. Bg5 Qg4 11. h3 Qh5 12. Rc1 Bd5 13. Bd2 Bxf3 14. Bxf3
Qxh3 15. e3 Nxe5 16. Bg2 Qf5 17. Nxd4 Qg5 18. f4 Qxg3 19. fxe5 Qxe5 20. Rxf7
Rxd4 21. exd4 Qxd4+ 22. Kf1 Qd7 23. Qf3 Qd8 24. Qxb7+ Kd7 25. Qc6+ Kc8 26. Qa6+
Kd7 27. Bc6+ Ke6 28. Be8+ Qd6 29. Qc4+ Qd5 30. Re1+ Kd6 31. Bf4+ Qe5 32. Bxe5#
{Hossa checkmated} 1-0